[Event "Milan Crespi op-C 33rd"]
[Site "Milan"]
[Date "2012.12.09"]
[Round "7"]
[White "Prevedello, Daniele"]
[Black "Marinescu, Gheorge"]
[Result "0-1"]
[WhiteElo "1495"]
[BlackElo "1618"]
[PlyCount "50"]
[EventDate "2012.12.05"]
[EventType "swiss"]
[EventRounds "7"]
[EventCountry "ITA"]
[SourceTitle "EXT 2024"]
[Source "ChessBase"]
[SourceDate "2023.10.10"]
[SourceVersion "1"]
[SourceVersionDate "2023.10.10"]
[SourceQuality "1"]

1. c4 g6 2. Nc3 Nc6 3. g3 b6 4. Bg2 Bb7 5. Nf3 Bg7 6. d3 e6 7. 0-0 Qe7 8. a3 h5 9. h4 0-0-0 10. Qc2 f6 11. b4 Nh6 12. Be3 Nf5 13. Rfb1 Nxe3 14. fxe3 g5 15. d4 Bh6 16. Kf2 Rdg8 17. c5 Qg7 18. Rg1 gxh4 19. gxh4 Qg3+ 20. Kf1 Bxe3 21. Ne4 Qf4 22. Nc3 Nxd4 23. Qd3 Nxf3 24. exf3 Bxf3 25. Ke1 Qg3+ 0-1